Statistics for Find the Pattern and Continue the Sequence #3

Click here to take the quiz!

General Stats

  • This quiz has been taken 42 times
  • The average score is 12 of 24

Answer Stats

Answer % Correct
clubs (♣), diamonds (♦), hearts (♥) and spades (♠)
95%
Matthew, Mark, Luke, John
93%
Australian Open, French Open, US Open, Wimbledon
76%
London (England), Edinburgh (Scotland), Belfast (Northern Ireland), Cardiff (Wales)
76%
Suits of playing cards
76%
3 (3⌃1), 9 (3⌃2), 27 (3⌃3), 81 (3⌃4), 243 (3⌃5)
76%
Gospels of the New Testament
66%
Capitals of the countries of the United Kingdom
66%
Grand Slam tournaments
63%
Genesis, Exodus, Leviticus, Numbers, Deuteronomy
56%
Moons of Jupiter by label (= the Roman numeral attributed to each moon in order of their naming -Wikipedia)
54%
Cities in China by population
49%
Mesozoic (Triassic -> Jurassic -> Cretaceous) -> Cenozoic (Paleogene -> Neogene -> Quaternary)
49%
Pentateuch (the Five Books of Moses)
46%
Geologic periods
39%
Meriadoc "Merry" Brandybuck, Peregrin "Pippin" Took, Samwise "Sam" Gamgee, Frodo Baggins
39%
Surnames of hobbits who are members of the Fellowship of the Ring
37%
Xiamen (9.80 mil) < Tianjin (12.7 mil) < Beijing (20.0 mil) < Shanghai (29.5 mil) < Guangzhou (45.6 mil)
37%
Powers of three
34%
htebazile (Queen Elizabeth II) -> selrahc (Charles, Prince of Wales) -> mailliw (Prince William, Duke of Cambridge ) -> egroeg (Prince George of Cambridge) -> ettolrahc (Princess Charlotte of Cambridge)
27%
Per aspera ad astra
17%
Io (I), Europa (II), Ganymede (III), Callisto (IV)
15%
British sovereigns in line of succession written backwards
12%
"Through hardships to the stars" - a popular Latin phrase
7%

Score Distribution

Percentile by Number Answered

Percent of People with Each Score

Your Score History

You have not taken this quiz